عرض عادي
عرض مارك
- Wooldridge, Michael J.,
مدخل إسم شخص
001 - رقم الضبط
- حقل الضبط: 88245
003 - معرف رقم الضبط
- حقل الضبط: OSt
005 - تاريخ ووقت أخر عملية
- حقل الضبط: 20210304183348.0
008 - عناصر بيانات ثابتة الطول
- حقل تحكم ثابت الطول: 210304|| aca||aabn | a|a d
040 ## - مصدر الفهرسة
- هيئة الفهرسة الأصلية: OSt
- وكالة الكتابة: OSt
100 ## - مدخل -- أسم شخص
- إسم شخص: Wooldridge, Michael J.,
- تواريخ مرتبطة بالاسم: 1966-
670 ## - بيانات المصدر موجوده
- الاستشهاد بالمصدر: Work cat.: (OSt)0: Wooldridge, Michael J., 1966-, An introduction to multiagent systems /, 2009
